000 00522nam a2200181Ia 4500
001 12568
005 20260306162951.0
008 260306t2022||||xx |||||||||||||| ||spa||
041 _aESP
082 _aHR 348
_bMAY 2022 SL
110 _aGaceta Jurídica
245 0 _aSoluciones laborales:
_bsistema integral de información para abogados, jefes de recursos humanos, administradores y gerentes
260 _c2022
300 _a304 páginas :
_c26 cm.
650 _aGEN
654 _aCDE
942 _cREV
_dJUS
_fJUS
_2ddc
_n
999 _c12568
_d12568